[Event "Dubna Cup Rating-A"]
[Site "Dubna"]
[Date "2008.07.18"]
[Round "9"]
[White "Anisimov, Nikolay M"]
[Black "Bounin, Mikhail"]
[Result "1-0"]
[WhiteElo "2257"]
[BlackElo "2214"]
[PlyCount "47"]
[EventDate "2008.07.12"]
[EventType "tourn"]
[EventRounds "11"]
[EventCountry "RUS"]
[SourceTitle "EXT 2022"]
[Source "ChessBase"]
[SourceDate "2021.10.06"]
[SourceVersion "1"]
[SourceVersionDate "2021.10.06"]
[SourceQuality "1"]

1. e4 e5 2. Nf3 d6 3. d4 Nf6 4. Nc3 exd4 5. Nxd4 Be7 6. Bc4 0-0 7. 0-0 Nc6 8. Nxc6 bxc6 9. h3 Rb8 10. Rb1 Be6 11. Bb3 d5 12. e5 Nd7 13. f4 Nc5 14. f5 Nxb3 15. axb3 Bc5+ 16. Kh1 Bc8 17. Qh5 g6 18. Qh6 Re8 19. fxg6 hxg6 20. Rxf7 Kxf7 21. Qh7+ Ke6 22. Qxg6+ Kd7 23. Bg5 Re7 24. Ne4 1-0

[Event "Dubna Cup Rating-A"]
[Site "Dubna"]
[Date "2008.07.15"]
[Round "6"]
[White "Makhnev, Vladimir"]
[Black "Anisimov, Nikolay M"]
[Result "1-0"]
[WhiteElo "2316"]
[BlackElo "2257"]
[PlyCount "67"]
[EventDate "2008.07.12"]
[EventType "tourn"]
[EventRounds "11"]
[EventCountry "RUS"]
[SourceTitle "EXT 2022"]
[Source "ChessBase"]
[SourceDate "2021.10.06"]
[SourceVersion "1"]
[SourceVersionDate "2021.10.06"]
[SourceQuality "1"]

1. Nh3 d5 2. g3 e5 3. c3 h5 4. d4 e4 5. Bg2 h4 6. c4 c6 7. Nc3 Bb4 8. cxd5 hxg3 9. hxg3 cxd5 10. Qb3 Nc6 11. Be3 Qa5 12. 0-0-0 Bxc3 13. bxc3 Be6 14. Nf4 Rxh1 15. Rxh1 0-0-0 16. Rh7 Nge7 17. Nxe6 fxe6 18. Bh3 Nf5 19. Bxf5 exf5 20. Rxg7 Qa6 21. Bf4 Rd7 22. Rxd7 Kxd7 23. Qxd5+ Ke8 24. Qe6+ Kd8 25. d5 Qa3+ 26. Kb1 Qxc3 27. Qd6+ Ke8 28. dxc6 Qe1+ 29. Kc2 Qxe2+ 30. Kc3 Qe1+ 31. Bd2 Qa1+ 32. Kb3 Qb1+ 33. Ka3 bxc6 34. Qe6+ 1-0

[Event "Kostroma Volga Cup op"]
[Site "Kostroma"]
[Date "2008.07.??"]
[Round "7"]
[White "Kutueva, Natalia"]
[Black "Anisimov, Nikolay M"]
[Result "0-1"]
[WhiteElo "1925"]
[BlackElo "2257"]
[PlyCount "72"]
[EventDate "2008.07.??"]
[EventType "swiss"]
[EventRounds "9"]
[EventCountry "RUS"]
[SourceTitle "EXT 2009"]
[Source "ChessBase"]
[SourceDate "2008.11.26"]
[SourceVersion "1"]
[SourceVersionDate "2008.11.26"]
[SourceQuality "1"]

1. d4 d5 2. c4 e6 3. Nc3 Nf6 4. cxd5 exd5 5. Bg5 Be7 6. e3 0-0 7. Qc2 c6 8. Bd3 h6 9. Bh4 Re8 10. Nf3 Nbd7 11. 0-0 Ne4 12. Bxe7 Qxe7 13. Bxe4 dxe4 14. Nd2 f5 15. Rae1 b6 16. Qa4 Nf6 17. f3 Bb7 18. fxe4 fxe4 19. b4 Kh8 20. Rf5 Qd6 21. Rf4 c5 22. bxc5 bxc5 23. Nc4 Qe7 24. Ne5 Qc7 25. Nb5 Qb6 26. Nd6 Re6 27. Nec4 Qa6 28. Qxa6 Bxa6 29. Ne5 g5 30. Rf5 cxd4 31. exd4 Kg8 32. Ndc4 Rd8 33. Rd1 Nd5 34. Re1 Ne7 35. Rf7 Rxd4 36. Re2 Nd5 0-1

[Event "Kostroma Volga Cup op"]
[Site "Kostroma"]
[Date "2008.07.??"]
[Round "5"]
[White "Vysotsky, Alexander"]
[Black "Anisimov, Nikolay M"]
[Result "1-0"]
[WhiteElo "2030"]
[BlackElo "2257"]
[PlyCount "63"]
[EventDate "2008.07.??"]
[EventType "swiss"]
[EventRounds "9"]
[EventCountry "RUS"]
[SourceTitle "EXT 2009"]
[Source "ChessBase"]
[SourceDate "2008.11.26"]
[SourceVersion "1"]
[SourceVersionDate "2008.11.26"]
[SourceQuality "1"]

1. e4 c5 2. c3 d6 3. d4 cxd4 4. cxd4 Nf6 5. Nc3 e6 6. Nf3 Be7 7. Bd3 0-0 8. 0-0 a6 9. a4 b6 10. e5 dxe5 11. dxe5 Nfd7 12. Qc2 h6 13. Bh7+ Kh8 14. Be4 Ra7 15. Rd1 Qc7 16. Be3 Bc5 17. Bxc5 Nxc5 18. Qe2 Nc6 19. Bxc6 Qxc6 20. Rd6 Qc7 21. Rad1 Nb7 22. R6d4 Na5 23. Ne4 Bb7 24. Nd6 Bd5 25. Qe3 Nc6 26. Rh4 f5 27. exf6 Qxd6 28. fxg7+ Kxg7 29. Qxh6+ Kf7 30. Rxd5 Qxd5 31. Rf4+ Ke8 32. Qxf8+ 1-0